| 000 | 00593nam a22001577a 4500 | ||
|---|---|---|---|
| 008 | 120423s2008 ua|||||r|||| 000 0 ara d | ||
| 082 |
_a330.962 _bع ي س |
||
| 100 |
_927447 _aالعيسوي ، إبراهيم |
||
| 245 |
_aأزمة النظام الرأسمالي والاقتصاد المصري / _cابراهيم العيسوي |
||
| 260 |
_aالقاهرة : _bالأهالي ، _c2008 |
||
| 300 |
_a88 ص ؛ _c20 سم |
||
| 541 |
_aDr. Bassem ; _cDonation ; |
||
| 650 |
_913649 _aالرأسمالية |
||
| 651 |
_913709 _aمصر _xالأحوال الاقتصادية |
||
| 942 |
_2ddc _cBB |
||
| 999 |
_c16679 _d16679 |
||